Developmentally appropriate practice in ''Real Life'' : stories of teacher practical knowledge

Αποθηκεύτηκε σε:
Λεπτομέρειες βιβλιογραφικής εγγραφής
Κύριος συγγραφέας: Wien, Carol Anne
Μορφή: Βιβλίο
Γλώσσα:English
Δημοσίευση: New York : Teachers College Press, 1995
Σειρά:Early childhood education series
Θέματα:
Ετικέτες: Προσθήκη ετικέτας
Δεν υπάρχουν, Καταχωρήστε ετικέτα πρώτοι!

MARC

LEADER 00000nam a2200000 i 4500
001 1/93440
008 991119s1995 eng d
020 |a 0-8077-3442-X 
035 |l 10054410 
040 |a GR-MY-UA  |b gre  |e aacr 
041 0 |a eng 
082 0 |a 372.21 
100 1 |a Wien, Carol Anne. 
245 1 0 |a Developmentally appropriate practice in ''Real Life'' :  |b stories of teacher practical knowledge /  |c Carol Ann Wien 
260 |a New York :   |b Teachers College Press,   |c 1995 
300 |a 159 p. 
490 1 |a Early childhood education series 
650 0 0 |a Early childhood teachers  |z United States. 
650 0 0 |a Early childhood education  |z United States. 
830 0 |a Early childhood education series 
852 |a INST  |b RHODES  |e 19991119  |h 372.21 WIE  |p 005400012818  |q 005400012818  |t BK  |y 0 
901 |a BIBL4-1999-3 
909 |a Ρ  |b 069942 
922 |a 4ΕΛΗ  |b 199910  |c ΚΠΣ/154  |d GLORY BOOKS 
970 |a ΚΟΥΛΑΚΙΟΤΗ  |b ΛΙΤΣΑ  |z 1999/11/19